Filosofia de la historia
Salvato in:
| Natura: | Libro |
|---|---|
| Lingua: | spagnolo |
| Pubblicazione: |
Ciudad de México
Fondo de Cultura Económica
1987
|
| Soggetti: | |
| Tags: |
Aggiungi Tag
Nessun Tag, puoi essere il primo ad aggiungerne!!
|
MARC
| LEADER | 00000nam a2200000 a 4500 | ||
|---|---|---|---|
| 001 | UCX7771 | ||
| 003 | CL-VaPUC | ||
| 005 | 20210526001424.0 | ||
| 008 | 931229e19870000MX |||||||||||||||||spa|d | ||
| 999 | |c 227492 |d 227490 | ||
| 040 | |c Pontificia Universidad Católica de Valparaíso | ||
| 082 | 0 | 4 | |a 901 |b KAN |2 21 |
| 245 | 1 | 0 | |a Filosofia de la historia |
| 260 | |a Ciudad de México |b Fondo de Cultura Económica |c 1987 | ||
| 300 | |a 147 p | ||
| 583 | |a last modification |c 19931229 00:00:00 |k Rodrigo Vera | ||
| 650 | 0 | |a Filosofía de la historia |9 265651 | |
| 852 | |a BIBCUR | ||
| 942 | |c BK |2 ddc | ||
| 945 | |d 19931229 00:00:00 |a aalvarez | ||
| 952 | |0 0 |1 0 |4 0 |6 901_000000000000000_KAN_1987 |7 0 |8 A |9 226564 |a BIBGIM |b BIBGIM |d 2019-11-15 |i 2957205 |o 901 KAN 1987 |p 2957205 |r 2025-01-15 |w 2019-11-15 |y BK |k SSL | ||
| 952 | |0 0 |1 0 |4 0 |6 901_000000000000000_KAN_1987 |7 0 |8 A |9 226565 |a BIBGIM |b BIBGIM |d 2019-11-15 |i 2986825 |o 901 KAN 1987 |p 2986825 |r 2025-01-15 |w 2019-11-15 |y BK |k SSL | ||